[Event "Titled Tuesday intern op 12th Mar Late"]
[Site "Chess.com INT"]
[Date "2024.03.12"]
[Round "9"]
[White "Rian, Kapriaga"]
[Black "Grabinsky, Vladimir"]
[Result "0-1"]
[WhiteElo "2089"]
[BlackElo "2192"]
[PlyCount "78"]
[EventDate "2024.03.12"]
[EventType "swiss (blitz)"]
[EventRounds "11"]
[EventCountry "USA"]
[SourceTitle "CB12_2024"]
[SourceDate "2023.10.01"]
[SourceVersion "1"]
[SourceVersionDate "2023.10.01"]
[SourceQuality "1"]

1. d4 Nf6 2. Nf3 d5 3. Bf4 c5 4. e3 Nc6 5. Nbd2 g6 6. h3 Bg7 7. c3 0-0 8. Bb5 Qb6 9. Bxc6 bxc6 10. Qb3 Ba6 11. Qxb6 axb6 12. Be5 Bh6 13. Bxf6 exf6 14. Kd1 Rfe8 15. Kc2 Bc8 16. g4 Ba6 17. Rhe1 Bb5 18. b3 Ra3 19. Nb1 Ra7 20. a4 Ba6 21. Nbd2 cxd4 22. cxd4 Bf8 23. Rec1 Bb4 24. Ne1 Bd6 25. Nd3 c5 26. dxc5 bxc5 27. Nf3 Rc8 28. Rab1 Rb7 29. Kd2 Kg7 30. Rb2 h6 31. Rbb1 Rbc7 32. Rc2 Rb8 33. Rcc1 Bc8 34. Rc3 f5 35. Rbc1 fxg4 36. hxg4 Bxg4 37. Nfe5 Bf5 38. f4 f6 39. Nf3 g5 0-1

[Event "Portoroz op 14th"]
[Site "Portoroz"]
[Date "2023.07.20"]
[Round "7"]
[White "Grabinsky, Vladimir"]
[Black "Kodric, Gasper"]
[Result "1/2-1/2"]
[WhiteElo "2219"]
[BlackElo "2016"]
[PlyCount "72"]
[EventDate "2023.07.15"]
[EventType "swiss"]
[EventRounds "9"]
[EventCountry "SLO"]
[SourceTitle "CBM 215 Extra"]
[Source "ChessBase"]
[SourceDate "2023.09.30"]
[SourceVersion "1"]
[SourceVersionDate "2023.09.30"]
[SourceQuality "1"]

1. d4 d5 2. c4 c6 3. cxd5 cxd5 4. Bg5 Nf6 5. Bxf6 gxf6 6. Nc3 Nc6 7. e3 f5 8. Bd3 e6 9. Nh3 Bd6 10. Qh5 Qf6 11. Nb5 Bb8 12. g3 a6 13. Nc3 Qg6 14. Qe2 Qg4 15. Qxg4 fxg4 16. Nf4 Bd7 17. h3 Nb4 18. a3 Bxf4 19. axb4 Bd6 20. b5 gxh3 21. Rxh3 Ke7 22. Kd2 axb5 23. Rxa8 Rxa8 24. Rxh7 b4 25. Nb5 Bxb5 26. Bxb5 Rc8 27. Ba4 Kf6 28. Rh1 Ra8 29. Bb3 Kg7 30. Ke2 Kg6 31. Kf3 Kg7 32. Kg2 Kg6 33. f4 f5 34. Kf3 Kg7 35. Rg1 Rh8 36. Kg2 Ra8 1/2-1/2

[Event "Titled Tuesday intern op 04th Apr Early"]
[Site "Chess.com INT"]
[Date "2023.04.04"]
[Round "11"]
[White "Grabinsky, Vladimir"]
[Black "Melikhov, Evgeny V"]
[Result "0-1"]
[WhiteElo "2219"]
[BlackElo "2269"]
[PlyCount "58"]
[EventDate "2023.04.04"]
[EventType "swiss (blitz)"]
[EventRounds "11"]
[EventCountry "USA"]
[SourceTitle "EXT 2024"]
[Source "ChessBase"]
[SourceDate "2023.10.10"]
[SourceVersion "1"]
[SourceVersionDate "2023.10.10"]
[SourceQuality "1"]

1. e4 c5 2. b4 b6 3. bxc5 bxc5 4. Bc4 e6 5. Nf3 Nc6 6. 0-0 Nf6 7. e5 Nd5 8. Bxd5 exd5 9. Nc3 d6 10. Re1 dxe5 11. Nxe5 Nxe5 12. Rxe5+ Be6 13. Nxd5 Bd6 14. Re3 Bxh2+ 15. Kxh2 Qxd5 16. Bb2 0-0 17. Re5 Qd6 18. Kg1 f6 19. Re3 Bf5 20. d3 Rfe8 21. Qf3 Bg6 22. Rae1 Qd7 23. Re7 Rxe7 24. Qxa8+ Re8 25. Rxe8+ Bxe8 26. Ba3 c4 27. Qe4 cxd3 28. cxd3 Bg6 29. Qc4+ Bf7 0-1

[Event "Titled Tuesday intern op 06th Dec Early"]
[Site "Chess.com INT"]
[Date "2022.12.06"]
[Round "10"]
[White "Begunov, Konstantin"]
[Black "Grabinsky, Vladimir"]
[Result "1-0"]
[WhiteElo "2276"]
[BlackElo "2219"]
[PlyCount "57"]
[EventDate "2022.12.06"]
[EventType "swiss (blitz)"]
[EventRounds "11"]
[EventCountry "USA"]
[SourceTitle "CBM 211 Extra"]
[Source "ChessBase"]
[SourceDate "2023.01.31"]
[SourceVersion "1"]
[SourceVersionDate "2023.01.31"]
[SourceQuality "1"]

1. d4 Nf6 2. c4 e6 3. Nf3 d5 4. Nc3 c5 5. cxd5 Nxd5 6. g3 cxd4 7. Nxd4 Nxc3 8. bxc3 Qd5 9. f3 Nc6 10. e4 Qa5 11. Bd2 Bc5 12. Nb3 Qb6 13. Nxc5 Qxc5 14. Qe2 e5 15. Rc1 Be6 16. Be3 Qa3 17. Rc2 Rc8 18. Qf2 0-0 19. Bc5 Qa4 20. Bxf8 Rxf8 21. Bd3 Bh3 22. Qe3 Rd8 23. Kf2 Na5 24. Rd1 Nc4 25. Qe2 Na3 26. Bc4 Rc8 27. Bb3 Qa5 28. Rcd2 Qxc3 29. Rd8+ 1-0

[Event "Titled Tuesday intern op 29th Nov Early"]
[Site "Chess.com INT"]
[Date "2022.11.29"]
[Round "11"]
[White "Grabinsky, Vladimir"]
[Black "Hrabinska, Myroslava"]
[Result "0-1"]
[WhiteElo "2219"]
[BlackElo "2210"]
[PlyCount "56"]
[EventDate "2022.11.29"]
[EventType "swiss (blitz)"]
[EventRounds "11"]
[EventCountry "USA"]
[SourceTitle "EXT 2024"]
[Source "ChessBase"]
[SourceDate "2023.10.10"]
[SourceVersion "1"]
[SourceVersionDate "2023.10.10"]
[SourceQuality "1"]

1. e4 c5 2. Nc3 Nc6 3. g3 g6 4. Bg2 Bg7 5. f4 e6 6. Nf3 Nge7 7. d3 d5 8. 0-0 0-0 9. g4 dxe4 10. dxe4 f5 11. g5 fxe4 12. Nxe4 Nd5 13. Ne5 Nxe5 14. fxe5 Rxf1+ 15. Qxf1 Bxe5 16. c4 Bd4+ 17. Kh1 Ne3 18. Bxe3 Bxe3 19. Rd1 Bd4 20. Nf6+ Kg7 21. Qf3 Rb8 22. Qh3 h5 23. gxh6+ Kxf6 24. Qh4+ g5 25. Qg3 Bd7 26. Rf1+ Ke7 27. Qxg5+ Kd6 28. h7 Qxg5 0-1

[Event "Titled Tuesday intern op 29th Nov Early"]
[Site "Chess.com INT"]
[Date "2022.11.29"]
[Round "6"]
[White "Grabinsky, Vladimir"]
[Black "Mrudul, Dehankar"]
[Result "0-1"]
[WhiteElo "2219"]
[BlackElo "2168"]
[PlyCount "74"]
[EventDate "2022.11.29"]
[EventType "swiss (blitz)"]
[EventRounds "11"]
[EventCountry "USA"]
[SourceTitle "EXT 2024"]
[Source "ChessBase"]
[SourceDate "2023.10.10"]
[SourceVersion "1"]
[SourceVersionDate "2023.10.10"]
[SourceQuality "1"]

1. e4 c6 2. d4 d5 3. e5 Bf5 4. Nf3 e6 5. Be2 Ne7 6. 0-0 Nd7 7. Nbd2 Bg6 8. Nb3 Nf5 9. Bd2 h5 10. a4 Be7 11. a5 Qc7 12. Rc1 b5 13. axb6 axb6 14. c4 dxc4 15. Rxc4 0-0 16. Qc1 Rfc8 17. Bg5 Bf8 18. Nh4 Nxh4 19. Bxh4 c5 20. Bf3 Rab8 21. Rd1 b5 22. Rc3 c4 23. Nd2 Nb6 24. Be4 Nd5 25. Bxd5 exd5 26. f4 b4 27. Rg3 Qb6 28. Nf3 Bf5 29. Bf6 c3 30. b3 c2 31. Rd2 Rc3 32. Nh4 Be4 33. Rxc3 bxc3 34. Rxc2 Bxc2 35. Qxc2 Qxd4+ 36. Kh1 Qd2 37. Qxd2 cxd2 0-1

[Event "Titled Tuesday intern op 29th Nov Early"]
[Site "Chess.com INT"]
[Date "2022.11.29"]
[Round "4"]
[White "Grabinsky, Vladimir"]
[Black "Putri, Regita Desyari"]
[Result "0-1"]
[WhiteElo "2219"]
[BlackElo "1863"]
[PlyCount "56"]
[EventDate "2022.11.29"]
[EventType "swiss (blitz)"]
[EventRounds "11"]
[EventCountry "USA"]
[SourceTitle "EXT 2024"]
[Source "ChessBase"]
[SourceDate "2023.10.10"]
[SourceVersion "1"]
[SourceVersionDate "2023.10.10"]
[SourceQuality "1"]

1. e4 c5 2. Nc3 a6 3. g3 b5 4. Bg2 Bb7 5. f4 e6 6. d3 Ne7 7. Nf3 d5 8. 0-0 Nd7 9. f5 b4 10. fxe6 fxe6 11. Ne2 dxe4 12. Ng5 Qb6 13. Nf4 e5 14. Nfe6 h6 15. Nxf8 Rxf8 16. Rxf8+ Nxf8 17. Nxe4 0-0-0 18. Qg4+ Kb8 19. Be3 Ne6 20. Rf1 Nd5 21. Rf7 Nxe3 22. Qg6 Nxg2 23. Kxg2 Ka7 24. Qf5 Ng5 25. Rxg7 Nxe4 26. dxe4 Rd2+ 27. Kh3 c4 28. Rg6 Qf2 0-1

[Event "Titled Tuesday intern op 29th Nov Early"]
[Site "Chess.com INT"]
[Date "2022.11.29"]
[Round "8"]
[White "Sargissyan, Sargis"]
[Black "Grabinsky, Vladimir"]
[Result "1-0"]
[WhiteElo "2214"]
[BlackElo "2219"]
[PlyCount "81"]
[EventDate "2022.11.29"]
[EventType "swiss (blitz)"]
[EventRounds "11"]
[EventCountry "USA"]
[SourceTitle "EXT 2024"]
[Source "ChessBase"]
[SourceDate "2023.10.10"]
[SourceVersion "1"]
[SourceVersionDate "2023.10.10"]
[SourceQuality "1"]

1. e4 c5 2. Nf3 Nc6 3. d4 cxd4 4. Nxd4 e5 5. Nb5 d6 6. c4 Be7 7. N5c3 f5 8. Bd3 f4 9. Nd5 Nf6 10. Nbc3 0-0 11. b4 Nd4 12. Bb2 Qe8 13. Nxf6+ Bxf6 14. Nd5 Qg6 15. Bxd4 Qxg2 16. Kd2 exd4 17. Qg1 f3 18. h4 Be6 19. Nf4 Bg5 20. hxg5 Rxf4 21. Rh2 Qxg1 22. Rxg1 Rc8 23. Rgh1 Bxc4 24. Rxh7 Kf7 25. Rh8 Rc7 26. Rd8 Bxd3 27. Kxd3 Rg4 28. Kxd4 Rxg5 29. Rxd6 Rg2 30. Ke3 Rc2 31. Kxf3 Rcxf2+ 32. Ke3 Re2+ 33. Kf4 Ref2+ 34. Ke3 Re2+ 35. Kd4 Rd2+ 36. Kc5 b6+ 37. Kc6 Rxd6+ 38. Kxd6 Rxa2 39. Rf1+ Kg6 40. e5 Rd2+ 41. Ke7 1-0

[Event "Titled Tuesday intern op 09th Nov"]
[Site "Chess.com INT"]
[Date "2021.11.09"]
[Round "6"]
[White "Grabinsky, Vladimir"]
[Black "Kett, Timothy"]
[Result "0-1"]
[WhiteElo "2219"]
[BlackElo "2136"]
[PlyCount "104"]
[EventDate "2021.11.09"]
[EventType "swiss (blitz)"]
[EventRounds "11"]
[EventCountry "USA"]
[SourceTitle "CBM 205 Extra"]
[Source "ChessBase"]
[SourceDate "2022.01.31"]
[SourceVersion "1"]
[SourceVersionDate "2022.01.31"]
[SourceQuality "1"]

1. e4 e5 2. Nf3 Nc6 3. d4 exd4 4. c3 d5 5. exd5 Qxd5 6. cxd4 Bb4+ 7. Nc3 Bg4 8. Be2 Bxc3+ 9. bxc3 Bxf3 10. Bxf3 Qc4 11. Qe2+ Qxe2+ 12. Kxe2 Nge7 13. Rb1 0-0-0 14. Re1 Rhe8 15. Kf1 b6 16. Bg5 f6 17. Bf4 Na5 18. Re6 Ng6 19. Bg4 Rxe6 20. Bxe6+ Kb7 21. Bg3 Re8 22. Bb3 Nxb3 23. axb3 a5 24. b4 a4 25. b5 a3 26. Ra1 Ra8 27. Ke2 c6 28. bxc6+ Kxc6 29. Kd3 b5 30. Kc2 Kd5 31. Kb3 Ne7 32. Rxa3 Rxa3+ 33. Kxa3 Kc4 34. Kb2 Nd5 35. Bd6 Nxc3 36. Bf8 g6 37. Bg7 f5 38. f3 Nd5 39. Kc2 Ne3+ 40. Kd2 Nxg2 41. Be5 b4 42. Kc2 b3+ 43. Kb2 Ne1 44. Bg3 Nxf3 45. d5 Kxd5 46. Kxb3 Ke4 47. Kc3 f4 48. Bf2 Nxh2 49. Kd2 Kf3 50. Bc5 g5 51. Bg1 Nf1+ 52. Ke1 Ne3 0-1

[Event "Titled Tuesday intern op 09th Nov"]
[Site "Chess.com INT"]
[Date "2021.11.09"]
[Round "8"]
[White "Guevara, Robert N"]
[Black "Grabinsky, Vladimir"]
[Result "0-1"]
[WhiteElo "1993"]
[BlackElo "2219"]
[PlyCount "52"]
[EventDate "2021.11.09"]
[EventType "swiss (blitz)"]
[EventRounds "11"]
[EventCountry "USA"]
[SourceTitle "CBM 205 Extra"]
[Source "ChessBase"]
[SourceDate "2022.01.31"]
[SourceVersion "1"]
[SourceVersionDate "2022.01.31"]
[SourceQuality "1"]

1. d4 Nf6 2. Bg5 c5 3. Bxf6 gxf6 4. d5 Qb6 5. Qc1 f5 6. c3 Bh6 7. e3 f4 8. exf4 Bxf4 9. Nd2 d6 10. g3 Bh6 11. f4 Nd7 12. Ngf3 Nf6 13. Bc4 Bf5 14. 0-0 Rg8 15. Re1 Bxf4 16. Nh4 Bh3 17. Qc2 Nxd5 18. Qxh7 0-0-0 19. Qxf7 Bxd2 20. Bxd5 Bxe1 21. Rxe1 c4+ 22. Kh1 Rdf8 23. Be6+ Kd8 24. Qh7 Qf2 25. Rg1 Qxg1+ 26. Kxg1 Rf1# 0-1

[Event "Titled Tuesday intern op 09th Nov"]
[Site "Chess.com INT"]
[Date "2021.11.09"]
[Round "1"]
[White "Mortazavi, Ali"]
[Black "Grabinsky, Vladimir"]
[Result "1-0"]
[WhiteElo "2333"]
[BlackElo "2219"]
[PlyCount "55"]
[EventDate "2021.11.09"]
[EventType "swiss (blitz)"]
[EventRounds "11"]
[EventCountry "USA"]
[SourceTitle "CBM 205 Extra"]
[Source "ChessBase"]
[SourceDate "2022.01.31"]
[SourceVersion "1"]
[SourceVersionDate "2022.01.31"]
[SourceQuality "1"]

1. Nf3 c5 2. g3 Nc6 3. Bg2 e5 4. 0-0 g6 5. d3 Bg7 6. c4 Nge7 7. Nc3 0-0 8. Ne1 d6 9. Nc2 h6 10. Rb1 a5 11. a3 f5 12. Ne3 f4 13. Ned5 g5 14. b4 axb4 15. axb4 Nxb4 16. Nxb4 cxb4 17. Rxb4 Qa5 18. Ra4 Qxc3 19. Rxa8 Nc6 20. Bd2 Qd4 21. Qb3 g4 22. Bd5+ Kh8 23. Rxc8 Rxc8 24. Qxb7 Na7 25. Be6 Rf8 26. Bxg4 fxg3 27. hxg3 e4 28. Be3 1-0